Countries of Africa in Their Native Language - Statistics

General Stats
  • This quiz has been taken 76 times
    29 since last reset
  • The average score is 51 of 54
Answer Stats
African Language English % Correct
Bénin Benin
100%
Tchad Chad
100%
Jībūtī Djibouti
100%
Gaana Ghana
100%
Guinée Guinea
100%
Guiné-Bissau Guinea-Bissau
100%
Kenya Kenya
100%
Liberia Liberia
100%
Libya Libya
100%
Madagasikara Madagascar
100%
Malaŵi Malawi
100%
Mali Mali
100%
Maurice Mauritius
100%
Moçambique Mozambique
100%
Nijeriya Nigeria
100%
Rwanda Rwanda
100%
São Tomé e Príncipe São Tomé and Principé
100%
Sénégal Senegal
100%
Sierra Leone Sierra Leone
100%
Soomaaliya Somalia
100%
Togo Togo
100%
Uganda Uganda
100%
Zambia Zambia
100%
Zimbabwe Zimbabwe
100%
Angola Angola
96%
Botswana Botswana
96%
Burkina Faso Burkina Faso
96%
Uburundi Burundi
96%
Cameroun Cameroon
96%
Cabo Verde Cape Verde
96%
République Centrafricaine Central African Republic
96%
République démocratique du Congo D.R. Congo
96%
Guinea Ecuatorial Equatorial Guinea
96%
Iritriya Eritrea
96%
eSwatini Eswatini
96%
République gabonaise Gabon
96%
Gambia Gambia
96%
Côte d'Ivoire Ivory Coast
96%
Lesotho Lesotho
96%
Namibia Namibia
96%
Niger Niger
96%
République du Congo Republic of the Congo
96%
iNingizumi Afrika South Africa
96%
Sudan Kusuni South Sudan
96%
As-Sudan Sudan
96%
Tanzania Tanzania
96%
Tunes Tunisia
96%
Komori Comoros
93%
Ityop'ia Ethiopia
93%
Misr Egypt
78%
Muritan | Agawec Mauritania
78%
Sesel Seychelles
74%
Dzayer Algeria
59%
Amerruk Morocco
59%
No matching quizzes found
Score Distribution
Percent of People with Each Score
Percentile by Number Answered
Your Score History
You have not taken this quiz since the last reset